Power system stability vol.1,2,3 (Record no. 180804)

000 -LEADER
fixed length control field 01396 a2200217 4500
003 - CONTROL NUMBER IDENTIFIER
control field Nust
005 - DATE AND TIME OF LATEST TRANSACTION
control field 20170207153157.0
010 ## - LIBRARY OF CONGRESS CONTROL NUMBER
LC control number 94042999
020 ## - INTERNATIONAL STANDARD BOOK NUMBER
International Standard Book Number 9812530754
040 ## - CATALOGING SOURCE
Transcribing agency Nust
082 00 - DEWEY DECIMAL CLASSIFICATION NUMBER
Classification number 621.319
100 1# - MAIN ENTRY--PERSONAL NAME
Personal name Kimbark, Edward Wilson
245 10 - TITLE STATEMENT
Title Power system stability vol.1,2,3
Statement of responsibility, etc. Edward Wilson Kimbark.
Remainder of title Element of stability calculations
260 ## - PUBLICATION, DISTRIBUTION, ETC.
Place of publication, distribution, etc. New York :
Name of publisher, distributor, etc. A john wiley
Date of publication, distribution, etc. c1995.
300 ## - PHYSICAL DESCRIPTION
Extent ix,355 p;
Other physical details ill. ;
Dimensions 23 cm.
440 #0 - SERIES STATEMENT/ADDED ENTRY--TITLE
Title IEEE Press power systems engineering series
505 ## - FORMATTED CONTENTS NOTE
Formatted contents note Volume 1: The Stability Problem (Page-1), The Swing Equation and Its Solution (Page-15), Solution of Networks (Page-53), The Equal Area Criterion for Stability (Page-122), Further Consideration of the Two Machines Systems (Page-149), Solution of Faulted Three Phase Networks (Page-193), Typical Stability Studies (Page-253), Volume 2: Faulty Clearing Power Circuit Breakers (Page-1), Faulty Clearing Protective Relays (Page-67), The Influence of Swinging and Out-of-Step Operation upon Protective Relays (Page-158), Rapid Re closing (Page-220), Volume 3: Synchronous Machines (Page-1), Excitation Systems (Page-137), Damper windings and Damping (Page-214), Steady-State Stability (Page-247),
538 ## - SYSTEM DETAILS NOTE
System details note Almirah No.31 Shelf No.3
650 #0 - SUBJECT ADDED ENTRY--TOPICAL TERM
Topical term or geographic name entry element Electric power system stability.
856 41 - ELECTRONIC LOCATION AND ACCESS
Materials specified Table of contents only
Uniform Resource Identifier <a href="http://www.loc.gov/catdir/enhancements/fy0653/94042999-t.html">http://www.loc.gov/catdir/enhancements/fy0653/94042999-t.html</a>
942 ## - ADDED ENTRY ELEMENTS (KOHA)
Source of classification or shelving scheme
Koha item type Book
Holdings
Withdrawn status Lost status Source of classification or shelving scheme Damaged status Not for loan Collection code Permanent Location Current Location Date acquired Total Checkouts Full call number Barcode Date last seen Price effective from Koha item type
            Military College of Signals (MCS) Military College of Signals (MCS) 12/12/2016   621.319 KIM MCS30917 12/08/2016 12/12/2016 Book
            Military College of Signals (MCS) Military College of Signals (MCS) 12/12/2016   621.319 KIM MCS30918 12/08/2016 12/12/2016 Book
            Military College of Signals (MCS) Military College of Signals (MCS) 12/12/2016   621.319 KIM MCS30919 12/08/2016 12/12/2016 Book
© 2023 Central Library, National University of Sciences and Technology. All Rights Reserved.